000 00756nam a22002417a 4500
999 _c3993
_d3993
003 AR-CdUCM
008 190307b ||||| |||| 00| 0 spa d
020 _a950-614-029-4
040 _aMUNICIPALIDAD PROVINCIAL DEL CUSCO
_cBIBLIOTECA MUNICIPAL DEL CUSCO
082 _a839.64 /
_bL31
100 _aLaxness, Halldor
_912755
245 _aParaíso Reclamado /
260 _aArgentina :
_bEdiciones Orbis,
_bHyspamerica,
_c1983.
300 _a268 paginas ;
_c19cm.
440 _aLos Premio Nobel
_n7
_912756
500 _aTraducción de: Paradisarheimt helgafell.
650 _aLiteratura Islandesa
_912757
650 _aNovelas Españolas
_99372
650 _aSiglo XX
_98
700 _aArévalo, Rodolfo
_912758
942 _2ddc
_cLIBROS
945 _apjha